000
00288nam a2200109Ia 4500
008
200302s9999 xx 000 0 und d
100
_a
Kenneth Hudson
245
_a
The Archaeology of the Consumer Society
260
_b
Heinemann Educational Books Ltd.
260
_c
1983
300
_a
116 P.,
999
_c
1279
_d
1279